000 01218nam a22002177a 4500
999 _c59392
_d59392
003 Ge_BSU
005 20230208152458.0
008 230208s2002 ge ||||| |||| 00| 0 geo d
041 _ageo
080 _a34 მ-69
100 _a მინდაძე, ომარ
_916867
245 _aსამართალდამცავი ორგანოები და ადამიანის უფლებები = Law Protecting Bodies and Human Rights :
_b[სახელმძღვანელო] /
_cომარ მინდაძე ; [რედ. : აპოლონ ფალიაშვილი, გურამ ქარქაშაძე].
264 _a ქუთაისი :
_bსაგამომცემლო ცენტრი,
_c2002.
300 _a 639 გვ. :
_b1 ფ. პორტრ.
_c21 სმ.
520 _aრეზიუმე ინგლ.
653 _aადამიანის უფლებები
653 _aსამართალი
700 _a ფალიაშვილი, აპოლონ
_eრედაქტორი
_916868
700 _aქარქაშაძე, გურამ
_eრედაქტორი
_9467
942 _2udc
_cBK